| 000 | 00701nam a2200217 i 4500 | ||
|---|---|---|---|
| 001 | 27966 | ||
| 003 | ES-MaACL | ||
| 005 | 20230906153734.0 | ||
| 007 | t| | ||
| 008 | 030116s1972 sp ||||1| spa d | ||
| 100 | 1 |
_aAlkim, U. Bahadir. _919949 |
|
| 245 | 1 | 0 |
_aAnatolia _b: desde los orígenes hasta el fin del II milenio a. de J. C. / _cU. Bahadir Alkim ; traducción de María Dolores Sánchez de Aleu... |
| 250 | _a1ª ed. | ||
| 260 |
_aBarcelona : _bJuventud, _c[1972] |
||
| 300 |
_a291 p., 64 lám. ; _c24 cm. |
||
| 490 | 1 | _aArchaeologia mundi | |
| 700 | 1 |
_aSánchez Aleu, Dolores. _9174488 |
|
| 830 | 0 |
_aArchaeologia mundi _9181393 |
|
| 852 |
_aES-MaACL _jC-53790 |
||
| 999 |
_c27966 _d27966 |
||